[Event "OBEM 2015"]
[Site "Germany , Bremen"]
[Date "2015.03.29"]
[Round "3.29"]
[White "Dietrich, Igor"]
[Black "Buchloh, Falk"]
[Result "1-0"]
[WhiteElo "1880"]
[BlackElo "1497"]
[PlyCount "75"]

1. e4 d5 2. exd5 Qxd5 3. Nc3 Qa5 4. d4 Nf6 5. Nf3 Bg4 6. h3 Bh5 7. g4 Bg6 8.
Ne5 e6 9. Nc4 Qb4 10. Bd2 Qe7 11. Qf3 c6 12. O-O-O Nbd7 13. Bf4 O-O-O 14. Nd6+
Qxd6 15. Bxd6 Bxd6 16. Bd3 Bxd3 17. Rxd3 e5 18. Ne4 Nxe4 19. Qxe4 Nf6 20. Qf5+
Kb8 21. dxe5 Be7 22. exf6 Bxf6 23. Rhd1 Rde8 24. g5 Re5 25. Rd8+ Rxd8 26. Rxd8+
Bxd8 27. Qxe5+ Kc8 28. Qxg7 b5 29. Qxf7 Bxg5+ 30. Kd1 Bh4 31. f4 Bf2 32. Qe6+
Kc7 33. f5 Bd4 34. c3 Bh8 35. f6 a5 36. Qe7+ Kb6 37. Qd8+ Kc5 38. Qd4# 1-0

[Event "OBEM 2015"]
[Site "Germany , Bremen"]
[Date "2015.03.29"]
[Round "3.30"]
[White "Burblies, Andreas"]
[Black "Boehm, Karl"]
[Result "0-1"]
[WhiteElo "1604"]
[BlackElo "1859"]
[PlyCount "84"]

1. d4 d5 2. c4 e6 3. Nc3 Nf6 4. Nf3 Be7 5. Bg5 Nbd7 6. e3 a6 7. Bd3 dxc4 8.
Bxc4 b5 9. Bd3 Bb7 10. O-O Rc8 11. a3 c5 12. dxc5 Nxc5 13. Be2 O-O 14. Rc1 Nfe4
15. Qxd8 Bxd8 16. Bf4 Bf6 17. Nxe4 Nxe4 18. Be5 Bxe5 19. Nxe5 Nf6 20. Bf3 Bxf3
21. Nxf3 Nd5 {(=)} 22. e4 Nf4 23. Kh1 Nd3 24. Rxc8 Rxc8 25. b4 Kf8 26. Kg1 Rc3
27. Nd4 Rxa3 28. Nc6 Rb3 29. Rd1 g5 30. Kf1 Nxb4 31. Rd8+ Kg7 32. Ne5 Kf6 33.
Ng4+ Ke7 34. Rh8 a5 35. Rxh7 a4 36. Ne5 a3 37. Nxf7 a2 38. Nxg5+ Kf6 39. e5+
Kxg5 40. h4+ Kf5 41. Rh5+ Ke4 42. f3+ Ke3 0-1

[Event "OBEM 2015"]
[Site "Germany , Bremen"]
[Date "2015.03.29"]
[Round "3.31"]
[White "Bilau, Max"]
[Black "Hoffer, Hayo"]
[Result "1/2-1/2"]
[WhiteElo "1536"]
[BlackElo "1857"]
[PlyCount "83"]

1. d4 Nf6 2. c4 e6 3. Nc3 Bb4 4. Bg5 O-O 5. e3 d5 6. Nf3 Nbd7 7. Bd3 b6 8. cxd5
exd5 9. O-O Bb7 10. Rc1 h6 11. Bf4 Re8 12. h3 c6 13. a3 Bf8 14. b4 Ne4 15. Qb3
Ndf6 16. Rfd1 Bd6 17. Bxd6 Qxd6 18. Nd2 Rac8 19. a4 a6 20. Bxe4 Nxe4 21. Nf3
Qe6 22. Ne2 g5 23. a5 b5 24. Nc3 f6 25. Nxe4 Qxe4 26. Ne1 Kh8 27. Nd3 Qe7 {(=)}
28. Nc5 Rg8 29. Qd3 Qc7 30. Qf5 Qe7 31. Qg4 Ra8 32. Qh5 Kh7 33. h4 Bc8 34. hxg5
fxg5 35. Qe2 Bf5 36. Re1 Rge8 37. Kf1 Qc7 38. Kg1 Qc8 39. Rc3 Rf8 40. Rec1 Rf6
41. Nd3 Ra7 42. Nc5 1/2-1/2

[Event "OBEM 2015"]
[Site "Germany , Bremen"]
[Date "2015.03.29"]
[Round "3.32"]
[White "Petrov, Iouri"]
[Black "Zhong, Xianghui"]
[Result "1/2-1/2"]
[WhiteElo "1585"]
[BlackElo "1817"]
[PlyCount "46"]

1. Nf3 d5 2. c4 dxc4 3. e3 Bg4 4. Bxc4 e6 5. b3 Nf6 6. Bb2 Nbd7 7. d4 Bb4+ 8.
Nc3 Ne4 9. Qc2 Bxf3 10. gxf3 Bxc3+ 11. Bxc3 Nxc3 12. Qxc3 Qf6 13. Be2 c5 14.
O-O-O O-O 15. Kb2 cxd4 16. Qxd4 Qxd4+ 17. Rxd4 Nb6 18. f4 Rac8 19. Bf3 Rc7 20.
Rhd1 h6 21. Rd8 f6 22. Rxf8+ Kxf8 23. Rc1 Rxc1 1/2-1/2

[Event "OBEM 2015"]
[Site "Germany , Bremen"]
[Date "2015.03.29"]
[Round "3.33"]
[White "Wuttke, Manfred"]
[Black "Scheunemann, Daniel"]
[Result "1-0"]
[WhiteElo "1802"]
[BlackElo "1361"]
[PlyCount "43"]

1. d4 d5 2. c4 e6 3. Nc3 Nf6 4. Bg5 c6 5. Nf3 Nbd7 6. e3 h6 7. Bh4 Qc7 8. Bd3
Bd6 9. Rc1 O-O 10. O-O dxc4 11. Bxc4 b5 12. Bd3 a6 13. Re1 Bb7 14. e4 e5 15.
dxe5 Nxe5 16. Bxf6 Nxf3+ 17. Qxf3 Bxh2+ 18. Kh1 gxf6 19. Nd5 Qe5 20. Nxf6+ Kh8
21. Ng4 Qh5 22. Qf6+ 1-0

[Event "OBEM 2015"]
[Site "Germany , Bremen"]
[Date "2015.03.29"]
[Round "3.34"]
[White "Dehning-Busse, Karsten"]
[Black "Mayland, Jannis"]
[Result "1-0"]
[WhiteElo "1796"]
[BlackElo "822"]
[PlyCount "55"]

1. d4 d5 2. Nc3 Nf6 3. Bg5 Bf5 4. e3 e6 5. Bd3 Bxd3 6. Qxd3 Bb4 7. Nf3 Nbd7 8.
O-O O-O 9. Ne5 Be7 10. f4 h6 11. Bh4 c5 12. Kh1 Rc8 13. Rf3 c4 14. Qe2 Qb6 15.
Nxd7 Nxd7 16. Bxe7 Rfe8 17. Ba3 a5 18. Raf1 Qa6 19. Na4 b5 20. Nc5 Nxc5 21.
Bxc5 b4 22. g4 Rb8 23. Rh3 a4 24. g5 Kh7 25. gxh6 gxh6 26. Qh5 c3 27. Qxh6+ Kg8
28. Qh8# 1-0

[Event "OBEM 2015"]
[Site "Germany , Bremen"]
[Date "2015.03.29"]
[Round "3.35"]
[White "Weinitschke, Harald"]
[Black "Laubrock, Paul"]
[Result "0-1"]
[WhiteElo "1341"]
[BlackElo "1793"]
[PlyCount "66"]

1. Nf3 d5 2. e3 Nf6 3. d4 Bf5 4. c4 c6 5. cxd5 cxd5 6. Bb5+ Nbd7 7. Nc3 e6 8.
a3 Bd6 9. O-O O-O 10. b4 a6 11. Bd3 Ne4 12. Bb2 b5 13. Bxe4 dxe4 14. Nd2 Nf6
15. f3 exf3 16. Nxf3 Ng4 17. Qe2 Qc7 18. g3 h5 19. e4 Bg6 20. e5 Be7 21. Rac1
Qb6 22. Ne4 Bxe4 23. Qxe4 Rac8 24. Kg2 a5 25. Rxc8 Rxc8 26. Rc1 Rc4 27. Qa8+
Bf8 28. Qxa5 Qc6 29. Rxc4 Qxc4 30. Kh3 Qf1+ 31. Kh4 Qxf3 32. Qd8 Nf2 33. Qg5
Be7 0-1

[Event "OBEM 2015"]
[Site "Germany , Bremen"]
[Date "2015.03.29"]
[Round "3.36"]
[White "Jantzen, Ludwig"]
[Black "Bensmann, Jannis"]
[Result "1/2-1/2"]
[WhiteElo "1965"]
[BlackElo "841"]
[PlyCount "42"]

1. d4 e6 2. c4 Nf6 3. Nc3 c5 4. Nf3 Nc6 5. e3 d5 6. a3 b6 7. Be2 Be7 8. O-O O-O
9. h3 dxc4 10. Bxc4 Qc7 11. Qe2 cxd4 12. exd4 Bb7 13. Be3 Rfd8 14. Rfd1 Na5 15.
Ba2 Ne4 16. Rac1 Qd6 17. b4 Nxc3 18. Rxc3 Nc6 19. d5 exd5 20. Bxd5 Qf6 21. Qc2
Rac8 1/2-1/2

[Event "OBEM 2015"]
[Site "Germany , Bremen"]
[Date "2015.03.29"]
[Round "3.37"]
[White "Holtermann, Klaas"]
[Black "Ernst, Herwarth"]
[Result "0-1"]
[WhiteElo "1507"]
[BlackElo "1950"]
[PlyCount "52"]

1. e4 c5 2. Nf3 d6 3. d4 cxd4 4. Nxd4 Nf6 5. Nc3 g6 6. f4 Nc6 7. Nxc6 bxc6 8.
e5 dxe5 9. Qxd8+ Kxd8 10. fxe5 Nd7 11. Bf4 Bg7 12. O-O-O Ke8 13. Re1 Nb6 14.
Ne4 Nd5 15. Bg3 Rb8 16. Bc4 Bh6+ 17. Kb1 Be6 18. Bb3 Nc7 19. Nc5 Bxb3 20. e6
Bxc2+ 21. Kxc2 Rb5 22. exf7+ Kxf7 23. Rhf1+ Ke8 24. Bd6 Nd5 25. Kb1 Bg7 26. b3
Bc3 0-1

[Event "OBEM 2015"]
[Site "Germany , Bremen"]
[Date "2015.03.29"]
[Round "3.38"]
[White "Stern, Philipp"]
[Black "Zimmermann, Erik"]
[Result "1/2-1/2"]
[WhiteElo "1620"]
[BlackElo "1655"]
[PlyCount "41"]

1. e4 b6 2. d4 Bb7 3. Bd3 e6 4. c4 d6 5. Nc3 Nd7 6. Nf3 Be7 7. O-O Ngf6 8. Qc2
e5 9. b4 Nh5 10. Nd5 O-O 11. Bb2 c6 12. Nxe7+ Qxe7 13. d5 Nf4 14. Nd2 Qg5 15.
g3 Nxd3 16. Qxd3 f5 17. dxc6 Bxc6 18. Qxd6 Rf6 19. Qd3 Rh6 20. b5 Nc5 21. Qe2
1/2-1/2

[Event "OBEM 2015"]
[Site "Germany , Bremen"]
[Date "2015.03.29"]
[Round "3.39"]
[White "Kueck, Alexander"]
[Black "Torkler, Wolfgang"]
[Result "0-1"]
[WhiteElo "1133"]
[BlackElo "1399"]
[PlyCount "112"]

1. e4 c5 2. Nf3 Nc6 3. Bb5 Qb6 4. Nc3 e6 5. d3 a6 6. Bxc6 Qxc6 7. d4 cxd4 8.
Nxd4 Qb6 9. O-O Bc5 10. Nde2 Qc6 11. Qd3 b6 12. a3 a5 13. Rb1 Ba6 14. Qf3 Bb7
15. b4 axb4 16. axb4 Be7 17. Rb3 Nf6 18. Ng3 Qc4 19. b5 Rc8 20. Qd3 Bb4 21. Bb2
O-O 22. f3 Rc5 23. Qxc4 Rxc4 24. Re1 Rfc8 25. Nge2 d5 26. exd5 Nxd5 27. Nxd5
Bxd5 28. c3 Bc5+ 29. Kh1 Ra4 30. c4 Bxc4 31. Rc3 Bb4 32. Rec1 Bxc3 33. Rxc3 Ra2
34. Rc2 Rc5 35. Nc3 Ra8 36. Ne4 Rd5 37. h3 Bd3 38. Rc3 Bxe4 39. fxe4 Rxb5 40.
Bc1 f5 41. exf5 exf5 42. Kh2 Rc5 43. Rxc5 bxc5 44. Be3 c4 45. Kg1 c3 46. Kf2 c2
47. Ke2 Ra1 48. Kf2 c1=Q 49. Bxc1 Rxc1 50. Kg3 g5 51. Kh2 h5 52. g3 Rc2+ 53.
Kg1 Kf7 54. Kh1 Ke6 55. Kg1 Ke5 56. Kh1 Ke4 0-1

[Event "OBEM 2015"]
[Site "Germany , Bremen"]
[Date "2015.03.29"]
[Round "3.40"]
[White "Balazs, Kata"]
[Black "Seliskar, Henryk"]
[Result "1-0"]
[WhiteElo "1747"]
[BlackElo "1343"]
[PlyCount "49"]

1. d4 Nf6 2. c4 e6 3. Nc3 Bb4 4. Bg5 h6 5. Bh4 O-O 6. Nf3 d6 7. e3 b6 8. Bd3
Nbd7 9. O-O Bxc3 10. bxc3 Bb7 11. Rb1 Qc8 12. a4 Re8 13. Rb2 c5 14. Nd2 Ba6 15.
Qc2 g6 16. Bxg6 Kg7 17. Be4 Nxe4 18. Qxe4 Nf8 19. Qf4 Qd7 20. Qf6+ Kh7 21. f4
Ng6 22. Rf3 Rg8 23. Bg5 Rg7 24. Bxh6 Kxh6 25. Rh3# 1-0

[Event "OBEM 2015"]
[Site "Germany , Bremen"]
[Date "2015.03.29"]
[Round "3.41"]
[White "Sommer, Andreas"]
[Black "Zijlstra, Berend"]
[Result "1-0"]
[WhiteElo "1723"]
[BlackElo "1319"]
[PlyCount "75"]

1. d4 Nf6 2. c4 d5 3. cxd5 Qxd5 4. Nc3 Qa5 5. Bd2 c6 6. Nf3 Nbd7 7. e4 Qd8 8.
Bd3 e6 9. O-O Be7 10. Re1 O-O 11. Rc1 b5 12. a3 Bb7 13. Bb1 a6 14. Qc2 g6 15.
Rcd1 Re8 16. Ba2 Bf8 17. Bg5 Be7 18. Qc1 h5 19. h4 Nh7 20. d5 cxd5 21. exd5
exd5 22. Nxd5 Rc8 23. Qe3 Bxd5 24. Bxd5 Bc5 25. Qxe8+ Qxe8 26. Rxe8+ Rxe8 27.
Bc6 Nhf8 28. Bh6 Re2 29. Bxd7 Rxf2 30. Kh2 Rxb2 31. Be8 Kh7 32. Bf4 Ne6 33. Be5
Re2 34. Bxf7 Ng7 35. Rd8 Rxe5 36. Nxe5 Bxa3 37. Bxg6+ Kh6 38. Rh8# 1-0

[Event "OBEM 2015"]
[Site "Germany , Bremen"]
[Date "2015.03.29"]
[Round "3.42"]
[White "Laubrock, Sophia"]
[Black "Brueggemann, Werner"]
[Result "0-1"]
[WhiteElo "1492"]
[BlackElo "1219"]
[PlyCount "86"]

1. d4 c5 2. d5 d6 3. c4 g6 4. Nc3 Bd7 5. Nf3 Bg7 6. e4 f6 7. Bd3 Nh6 8. O-O O-O
9. Qc2 Ng4 10. Nh4 Ne5 11. Be2 Na6 12. a3 Nc7 13. f4 Ng4 14. Bd2 a6 15. h3 Nh6
16. a4 Qc8 17. f5 gxf5 18. exf5 Qe8 19. Qd3 Qc8 20. Qg3 Kh8 21. Bd3 Rg8 22.
Rae1 Bf8 23. Qe3 Nf7 24. b3 Ne5 25. Be2 Be8 26. Qf2 Bf7 27. Bf4 b6 28. Qe3 Bg7
29. Nd1 Qe8 30. Bh6 Bf8 31. Nf2 Bh5 32. g4 Bf7 33. Nd3 Bxh6 34. Qxh6 Nxd3 35.
Bxd3 Rg7 36. Ng6+ Bxg6 37. fxg6 Qf8 38. gxh7 Rxg4+ 39. hxg4 Qxh6 40. Rxe7 Ne8
41. Rfe1 Ng7 42. Kf2 Qd2+ 43. Be2 Kxh7 0-1

[Event "OBEM 2015"]
[Site "Germany , Bremen"]
[Date "2015.03.29"]
[Round "3.44"]
[White "Bilek, Thomas"]
[Black "Volk, Robin"]
[Result "0-1"]
[WhiteElo "1000"]
[BlackElo "1285"]
[PlyCount "68"]

1. d4 Nf6 2. Bf4 e6 3. Nc3 c6 4. e3 d5 5. Nf3 Bb4 6. Qd2 Ne4 7. Qd3 Qa5 8. Kd1
Nxc3+ 9. bxc3 Bxc3 10. Rc1 Bb2 11. Rb1 Qxa2 12. Rxb2 Qxb2 13. e4 Na6 14. Ne5
Nb4 15. Qd2 Qb1+ 16. Ke2 Qxc2 17. exd5 Qxd2+ 18. Bxd2 Nxd5 19. Kd3 O-O 20. Kc2
f6 21. Nf3 Re8 22. g4 e5 23. dxe5 fxe5 24. Rg1 e4 25. Nd4 e3 26. fxe3 Nxe3+ 27.
Bxe3 Rxe3 28. g5 g6 29. Bc4+ Kg7 30. Rd1 Bh3 31. Ne2 Bg4 32. Rd2 Rae8 33. Kd1
R8e4 34. Bd3 Rxd3 0-1

[Event "OBEM 2015"]
[Site "Germany , Bremen"]
[Date "2015.03.29"]
[Round "3.45"]
[White "Fasmers, Ralf"]
[Black "Bilek, Sadat"]
[Result "1-0"]
[WhiteElo "1787"]
[BlackElo "1000"]
[PlyCount "61"]

1. e4 d5 2. e5 Nc6 3. d4 Bf5 4. Bb5 Qd7 5. Nf3 a6 6. Bd3 Bxd3 7. Qxd3 Qg4 8.
O-O Nh6 9. Nc3 e6 10. Be3 Nf5 11. Ne2 Nh4 12. Nxh4 Qxh4 13. a3 f6 14. f4 fxe5
15. fxe5 Be7 16. Rf4 Qh5 17. Raf1 O-O-O 18. b4 Qh6 19. R4f3 Qg6 20. Qb3 a5 21.
bxa5 Nxa5 22. Qa4 Nc4 23. Nf4 Qe4 24. Nxe6 Nxe3 25. Re1 Rde8 26. Rexe3 Qg6 27.
Nf4 Qc6 28. Qa8+ Kd7 29. e6+ Kd6 30. Qa5 Bg5 31. Qb4+ 1-0

[Event "OBEM 2015"]
[Site "Germany , Bremen"]
[Date "2015.03.29"]
[Round "3.46"]
[White "Proske, Matthias"]
[Black "Maul, Maik"]
[Result "1-0"]
[WhiteElo "1407"]
[BlackElo "1000"]
[PlyCount "55"]

1. c4 Nf6 2. Nc3 Nc6 3. g3 d6 4. Bg2 Qd7 5. Nf3 Qg4 6. d4 Bd7 7. h3 Qe6 8. d5
Qf5 9. Nh4 Qe5 10. Bf4 Qh5 11. Bf3 Ng4 12. dxc6 bxc6 13. hxg4 Qa5 14. Bd2 Qb6
15. Nb5 cxb5 16. Bxa8 c6 17. cxb5 Qxb5 18. Rc1 Qa6 19. Qb3 Qc8 20. Bb7 Qc7 21.
Bxc6 Bxc6 22. Rxc6 Qxc6 23. Qb8+ Kd7 24. Qxa7+ Ke8 25. O-O e5 26. Rc1 Qd7 27.
Qb8+ Ke7 28. Rc7 1-0

[Event "OBEM 2015"]
[Site "Germany , Bremen"]
[Date "2015.03.29"]
[Round "3.47"]
[White "Vaske, Phillipp"]
[Black "Rose, Helmut"]
[Result "0-1"]
[WhiteElo "947"]
[BlackElo "1400"]
[PlyCount "94"]

1. e4 e6 2. Bc4 c6 3. e5 d5 4. exd6 Bxd6 5. d4 Nf6 6. Nf3 O-O 7. Bg5 Nbd7 8.
Nc3 b6 9. Ne4 Be7 10. Nxf6+ Nxf6 11. Ne5 Bb7 12. Ng4 Nd7 13. Bxe7 Qxe7 14. Ne5
Nf6 15. Bd3 c5 16. dxc5 Qxc5 17. Nf3 e5 18. Nd2 e4 19. Bc4 Rfe8 20. O-O Rad8
21. b3 e3 22. fxe3 Rxe3 23. Kh1 Qg5 24. Rf2 Ng4 25. Rxf7 Bxg2+ 26. Kxg2 Ne5+
27. Kh1 Nxf7 28. Qf1 Rf8 29. Nf3 Qg6 30. Bd3 Qf6 31. Kg2 Rxf3 32. Qxf3 Qxa1 33.
a4 Ne5 34. Qd5+ Kh8 35. Qe4 Nxd3 36. Qxd3 Qf6 37. Qe2 h6 38. h3 Qc6+ 39. Kg3
Re8 40. Qf3 Qd6+ 41. Kg2 Rf8 42. Qe2 Qd4 43. c4 Qc3 44. Qd1 Qb2+ 45. Kh1 Qf2
46. Qg4 Rf5 47. h4 Rf4 0-1

[Event "OBEM 2015"]
[Site "Germany , Bremen"]
[Date "2015.03.29"]
[Round "3.48"]
[White "Schoenfeld, Fynn"]
[Black "Buecker, Niklas"]
[Result "1-0"]
[WhiteElo "883"]
[BlackElo "921"]
[PlyCount "107"]

1. e4 e5 2. Nf3 Nc6 3. Bb5 d6 4. d4 Bd7 5. O-O a6 6. Ba4 Nf6 7. Re1 Qe7 8. Nc3
O-O-O 9. h3 h6 10. Be3 g5 11. Bb3 g4 12. hxg4 Bxg4 13. Bc4 h5 14. Be2 h4 15.
Nh2 Bxe2 16. Rxe2 h3 17. g3 exd4 18. Bxd4 Nxd4 19. Qxd4 Qe5 20. Qd3 Qg5 21. Qf3
Be7 22. Rae1 Rdg8 23. Qf5+ Kd8 24. Qxg5 Rxg5 25. e5 dxe5 26. Rxe5 Rxe5 27. Rxe5
Bd6 28. Rf5 Nd7 29. Nf3 Bc5 30. Ne4 Bb6 31. Kh2 Re8 32. Rf4 Re6 33. Nfg5 Rc6
34. c3 Ne5 35. Nxf7+ Nxf7 36. Rxf7 Re6 37. f3 Be3 38. Kxh3 Bc1 39. b3 Rc6 40.
c4 b5 41. cxb5 axb5 42. Rf5 b4 43. Rc5 Kd7 44. Rxc6 Kxc6 45. g4 Kd5 46. g5 Bb2
47. Kg4 Bd4 48. Kf5 c5 49. Nf6+ Bxf6 50. Kxf6 c4 51. bxc4+ Kxc4 52. g6 Kc3 53.
g7 Kb2 54. g8=Q 1-0